Hollandische Malerei in den Museen der Sowjetunion (Запис номер 210296)
[ съкратено ]
| 000 -Лидер | |
|---|---|
| Контролно поле с фиксирана дължина | 01365nkm a2200385 c 4500 |
| 003 - Код на организацията, давaща контролен номер | |
| Контролно поле | BLK |
| 005 - Дата и час на последна редакция | |
| Контролно поле | 20200429113610.0 |
| 008 - Елементи от данни с фиксирана дължина | |
| fixed length control field | 180412b bul rap|r|||| r0| ||bulo| |
| 010 ## - Наследен системен номер | |
| LC control number | KNG00163858000 |
| 020 ## - Международен стандартен номер на книга ISBN | |
| Международен стандартен номер на книга ISBN | 5-7300-0062-6 |
| 040 ## - Източник на каталожния запис | |
| Идентификатор на билиотеката - собственик на записа | BLK |
| 041 ## - Код за език | |
| Код за езика на текст/звукозапис или на отделно заглавие | Немски |
| Код за езика КДБФ | Немски |
| 080 ## - УДК | |
| Текстов определител УДК | Живопис |
| УДК код - определител по УДК | 75 |
| УДК определител | (492):069 |
| УДК - код + определител | 75(492):069 |
| 100 1# - Редна дума - Автор | |
| Автор | Kusnezow, Juri |
| Авторска отговорност | първи автор |
| R(LIN) | 16223 |
| 139 ## - Редно поле | |
| Редна дума | Kusnezow, Juri et al. |
| Авторски знак | Kus - K 94 |
| Filing suffix | K 94 Y |
| Feature heading | К 93 Ю |
| 245 10 - Сведения за заглавието | |
| Заглавие | Hollandische Malerei in den Museen der Sowjetunion |
| Редно поле (дума) | Juri Kusnezow; съавт. Irene Linnik. |
| 257 ## - Страна на издаване | |
| Страна на създаване/издаване | СССР |
| 260 ## - Област на издателските данни | |
| Име на издателя, разпространителя и проч. | Aurora |
| Година на издаване | 1989 |
| 300 ## - Физическа характеристика | |
| Страници | 524 p. |
| Илюстрации и др. | ill. |
| Размери/Мащаб | 31 cm |
| 380 ## - Жанр | |
| Жанр | Изкуство |
| 500 ## - Общи забележки | |
| Забележка | Библиогр. с. 515-518. - Именен показалец. |
| 650 #4 - Допълнително описание по предмет – тема | |
| Основно описание – тема или топоним | Живопис, нидерландска |
| 9 (RLIN) | 305857 |
| 650 #4 - Допълнително описание по предмет – тема | |
| Основно описание – тема или топоним | Живопис - галерии, изложби, колекции и музеи |
| 9 (RLIN) | 254628 |
| 651 #4 - Допълнително описание по предмет - топоним | |
| Географско понятие | Холандия |
| 9 (RLIN) | 179745 |
| 651 #4 - Допълнително описание по предмет - топоним | |
| Географско понятие | Нидерландия |
| 9 (RLIN) | 179265 |
| 653 ## - Ключова дума – ненормативна | |
| Ключова дума | живопис |
| 653 ## - Ключова дума – ненормативна | |
| Ключова дума | Нидерландия |
| 653 ## - Ключова дума – ненормативна | |
| Ключова дума | музеи |
| 700 1# - Други автори (авторска отговорност) | |
| Лично име | Linnik, Irene |
| Автороска отговорност (Описва отношението между автора и произведението) | съавт. |
| 9 (RLIN) | 352378 |
| 700 1# - Други автори (авторска отговорност) | |
| Лично име | Кузнецов, Юрий |
| 9 (RLIN) | 85311 |
| 852 ## - Местоположение | |
| Форматна сигнатура | Цб Гр А ІІ 3743 |
| 856 4# - Електронен адрес и достъп | |
| Електронен формат | pdf - файл |
| Път до файла /url/ | |
| 856 4# - Електронен адрес и достъп | |
| Електронен формат | pdf - файл |
| Път до файла /url/ | |
| 999 ## - СИСТЕМНИ КОНТРОЛНИ НОМЕРА | |
| Koha biblionumber | 210296 |
| Koha biblioitemnumber | 210296 |
| 942 ## - АРТИКУЛИ | |
| Вид на библиотечния материал | Графични издания |
| Скрит в OPAC | Не |
| Периодичен библиозапис | Да |
| 944 ## - СЪЗДАВАНЕ И РЕДАКЦИЯ на ЗАПИСА | |
| Създаване/Редакция | Създаване |
| Дата на регистрацията/редакция | 04.08.2014 |
| Статус, дата на статуса | 04.08.2014 - от С1,Р / 04.08.2014 |
| Служител, извършил регистрацията/редакцията | Камелия_Данева |
| 944 ## - СЪЗДАВАНЕ И РЕДАКЦИЯ на ЗАПИСА | |
| Създаване/Редакция | Редакция |
| Дата на регистрацията/редакция | 04.08.2014 |
| Статус, дата на статуса | 04.08.2014 - от С1,Р / 04.08.2014 |
| 999 ## - СИСТЕМНИ КОНТРОЛНИ НОМЕРА | |
| Koha biblioitemnumber | 210296 |
| Код за отписване | Код за изгубен артикул | Източник на класификационната схема | Код за повреда | Коз за рестрикции | Код за отдаване | Артикулен № | Име на библиотеката - собственик | Име на библиотеката, в която се намира в момента | Статус (Текущо местоположение) | Дата на вписване в системата | Местоположение - отдел | Цена в лева | Инвентарен номер | Систематично азбучна сигнатура | Баркод | Номер на екземпляра | Цена в евро | Служебна бележка | Служебен тип на артикула |
|---|---|---|---|---|---|---|---|---|---|---|---|---|---|---|---|---|---|---|---|
| Не е изгубен | Universal Decimal Classification | Не е повреден | без рестрикции | заемане за дома | 361839 | Регионална библиотека "Любен Каравелов" Русе | Регионална библиотека "Любен Каравелов" Русе | Отдел Изкуство - подръчен фонд | 1989-01-01 | Отдел Изкуство - подръчен фонд | 23.80 | 536517 | 75/К 93 Ю | 120000536517 | 1 | 12.17 | Дост: Pk Вид: Ф N: стар фонд Дата: 01.01.1989 Дата инв: 03.06.2015 Бележки инв: ГрИ2015 | Графични издания |